Dùng đúng từ trong tiếng Anh /

Spremljeno u:
Bibliografski detalji
Glavni autor: Hoàng Phúc.
Format: Knjiga
Jezik:Vietnamese
English
Izdano: Tp.HCM : Thống kê, 2003.
Teme:
Oznake: Dodaj oznaku
Bez oznaka, Budi prvi tko označuje ovaj zapis!
Thư viện lưu trữ: Mạng thư viện Đại học Đà Nẵng
LEADER 01043nam a2200337 a 4500
001 000041428
003 16324
005 20230224095817.0
008 171030s2003
020 |c 42000 
040 |a lnn  |c lnn  |d lnn 
041 0 |a vie  |a eng 
082 1 4 |a 428.1  |b HO-P 
100 1 |a Hoàng Phúc. 
245 0 0 |a Dùng đúng từ trong tiếng Anh /  |c Hoàng Phúc. 
260 |a Tp.HCM :  |b Thống kê,  |c 2003. 
300 |a 417tr. ;  |c 20,5cm. 
630 0 4 |a Anh ngữ. 
650 0 4 |a Anh ngữ  |x Từ ngữ. 
811 |a Tieng Anh  |b Sach TK 
OWN |a LNN 
AVA |a UDN50  |b LNN  |c English  |d 428.1 HO-P  |e available  |t Error 5001 Not defined in file expand_doc_bib_avail.  |f 1  |g 0  |h N  |i 0  |j AN  |k 1 
999 |a From the UDN01 
AVA |a UDN50  |b LNN  |c English  |d 428.1 HO-P  |e available  |t Error 5001 Not defined in file expand_doc_bib_avail.  |f 1  |g 0  |h N  |i 0  |j AN  |k 1 
TYP |a Conference 
TYP |a Monograph 
TYP |a Printed language 
980 |a Mạng thư viện Đại học Đà Nẵng